Monster math / (Record no. 2302)

MARC details
000 -LEADER
fixed length control field 01034pam a2200313 a 4500
005 - DATE AND TIME OF LATEST TRANSACTION
control field 20250331112909.0
020 ## - INTERNATIONAL STANDARD BOOK NUMBER
International Standard Book Number 0590227122
020 ## - INTERNATIONAL STANDARD BOOK NUMBER
International Standard Book Number 9780590227124
040 ## - CATALOGING SOURCE
Original cataloging agency DLC
Transcribing agency DLC
Modifying agency DLC
Language of cataloging eng
050 00 - LIBRARY OF CONGRESS CALL NUMBER
Classification number PZ8.3.M127
Item number Mo 1995
082 00 - DEWEY DECIMAL CLASSIFICATION NUMBER
Classification number 513.212
Edition number 20
100 1# - MAIN ENTRY--PERSONAL NAME
Personal name Maccarone, Grace
245 10 - TITLE STATEMENT
Title Monster math /
Statement of responsibility, etc. by Grace Maccarone ; illustrated by Marge Hartelius.
250 ## - EDITION STATEMENT
Edition statement First printing, September 1995
260 ## - PUBLICATION, DISTRIBUTION, ETC.
Place of publication, distribution, etc. New York :
Name of publisher, distributor, etc. Scholastic,
Date of publication, distribution, etc. 1995
300 ## - PHYSICAL DESCRIPTION
Extent 31 unnumbered pages :
Other physical details illustrations
Dimensions 23 cm
500 ## - GENERAL NOTE
General note "Cartwheel books."
505 ## - FORMATTED CONTENTS NOTE
Formatted contents note B
520 ## - SUMMARY, ETC.
Summary, etc. Rhyming text and illustrations follow the activities of a group of twelve monsters that diminishes one by one. Includes a section of counting activities.
521 ## - TARGET AUDIENCE NOTE
Target audience note 30
Source Lexile
521 ## - TARGET AUDIENCE NOTE
Target audience note B
Source Raz-Plus
650 #1 - SUBJECT ADDED ENTRY--TOPICAL TERM
Topical term or geographic name entry element Monsters
General subdivision Fiction.
650 #1 - SUBJECT ADDED ENTRY--TOPICAL TERM
Topical term or geographic name entry element Counting.
650 #1 - SUBJECT ADDED ENTRY--TOPICAL TERM
Topical term or geographic name entry element Stories in rhyme.
700 1# - ADDED ENTRY--PERSONAL NAME
Personal name Hartelius, Margaret
Relator term illustrator
906 ## - LOCAL DATA ELEMENT F, LDF (RLIN)
a 7
b cbc
c orignew
d 1
e ocip
f 19
g y-gencatlg
942 ## - ADDED ENTRY ELEMENTS (KOHA)
Source of classification or shelving scheme Dewey Decimal Classification
Koha item type Books
Suppress in OPAC No
999 ## -
-- 2302
-- 2302
Holdings
Withdrawn status Lost status Source of classification or shelving scheme Damaged status Not for loan Collection Home library Current library Shelving location Date acquired Total Checkouts Full call number Barcode Date last seen Date last checked out Copy number Price effective from Koha item type
    Dewey Decimal Classification     Juvenile Fiction Footprints International School Library Network Toul Kork Campus Footprints International School Library Network Toul Kork Campus TK Primary Library Room(4th Floor), Bookcase 7, Shelves 57-60, Dark Green Books 11/15/2023 2 MAC 513.212 PZ8.3.M127 FISBK02574 03/24/2026 03/04/2026 1 11/15/2023 Books
    Dewey Decimal Classification     Juvenile Fiction Footprints International School Library Network Toul Kork Campus Footprints International School Library Network Toul Kork Campus TK Primary Library Room(4th Floor), Bookcase 7, Shelves 57-60, Dark Green Books 11/15/2023 1 MAC 513.212 PZ8.3.M127 FISTK01299 06/10/2024 05/16/2024 2 11/15/2023 Books
    Dewey Decimal Classification     Juvenile Fiction Footprints International School Library Network Toul Kork Campus Footprints International School Library Network Toul Kork Campus TK Primary Library Room(4th Floor), Bookcase 7, Shelves 57-60, Dark Green Books 07/31/2024   MAC 513.212 PZ8.3.M127 FISBK02575 07/31/2024   3 07/31/2024 Books
    Dewey Decimal Classification     Juvenile Fiction Footprints International School Library Network Toul Tom Poung Campus Footprints International School Library Network Toul Tom Poung Campus TTP Primary Green Bookshelves 03/31/2025   MAC 513.212 PZ8.3.M127 2025-0927 03/31/2025   4 03/31/2025 Books